| 000 | 00000nam##2200000za#4500 |
| 001 | 9.569320 |
| 003 | CaOODSP |
| 005 | 20210624181719 |
| 007 | cr ||||||||||| |
| 008 | 150406|2008||||xxc|||||o f|0| 0 eng|d |
| 040 | |aCaOODSP|beng |
| 043 | |an-cn--- |
| 086 | 1 |aNH18-1-2/1-2-2008E-PDF |
| 110 | 2 |aCanada Mortgage and Housing Corporation. |
| 245 | 10|aAdapting your home to living with dementia. Volume 2, : |h[electronic resource]|ba resource book for living at home and guide to home adaptations / |cby Nancy Rushford. |
| 260 | |aOttawa - Ontario : |bCanada Mortgage and Housing Corporation |c[2008]. |
| 300 | |a145p.|btables |
| 490 | 1 |aResearch report |
| 590 | |a12-25-Supp|b2012-06-04 |
| 720 | 1 |aRushford, Nancy |
| 830 | #0|aResearch report (Canada Mortgage and Housing Corporation : Online)|w(CaOODSP)9.506068 |
| 856 | 40|ahttp://publications.gc.ca|qPDF|s644 KB|uhttps://publications.gc.ca/collections/collection_2011/schl-cmhc/nh18-1-2/NH18-1-2-1-2-2008-eng.pdf |